000 00248nam a22000977a 4500
999 _c516854
_d516854
082 _aTNC
100 _aMilne, R. S. (ed.)
_923573
245 _aBureaucracy in New Zealand
_cedited by R. S. Milne
260 _aWellington
_bNZIPA
_c1957
300 _a137p.